00251nam a2200097Ia 4500008004100000100001800041245004500059260002500104942000700129999001700136190216s9999||||xx |||||||||||||| ||und|| aJohn Kill Han 0aCritical Essay On The Poetry Of Tennyson bRoutledge Kegan Paul cBK c15184d15184